000 00641cam a22002172 4500
001 0000000241
005 20151217161126.0
008 070117s xx 000 0 eng d
020 _a0007191537 :
_cKES 2,840
040 _aKABU
_cKABU
050 0 _aPE1628
_b.C65 2005
245 1 0 _aCollins English dictionary.
250 _a7th ed.
260 _aGlasgow :
_bHarper Collins,
_c2005.
300 _axiii, 1871 p.
650 0 _aEnglish language
_vDictionaries.
_@0000148334
908 _a070117
950 _@1
999 _c14826
_d14826